|
|
|
|
| LEADER |
00000nam0a2200000 4500 |
| 001 |
115527 |
| 005 |
20231031122642.0 |
| 035 |
|
|
|a (RuTPU)RU\TPU\book\124945
|
| 090 |
|
|
|a 115527
|
| 100 |
|
|
|a 20070510d1970 m y0rusy50 ca
|
| 101 |
0 |
|
|a rus
|
| 102 |
|
|
|a RU
|
| 105 |
|
|
|a a z 001zy
|
| 200 |
1 |
|
|a Классификация и методы расчета себестоимости литых заготовок
|f Научно-исследовательский институт информации по машиностроению (НИИМАШ)
|
| 210 |
|
|
|a Москва
|c НИИМАШ
|d 1970
|
| 215 |
|
|
|a 88 с.
|c ил.
|
| 225 |
1 |
|
|a Экономика и специализация машиностроения
|
| 320 |
|
|
|a Библиогр.: с. 85-87.
|
| 610 |
1 |
|
|a классификация
|
| 610 |
1 |
|
|a методы
|
| 610 |
1 |
|
|a расчет
|
| 610 |
1 |
|
|a литые заготовки
|
| 610 |
1 |
|
|a модельная оснастка
|
| 675 |
|
|
|a 621.741.21
|v 3
|
| 712 |
0 |
2 |
|a Научно-исследовательский институт информации по машиностроению (НИИМАШ)
|2 stltpush
|3 (RuTPU)RU\TPU\col\10491
|
| 801 |
|
1 |
|a RU
|b 63413507
|c 20070510
|g PSBO
|
| 801 |
|
2 |
|a RU
|b 63413507
|c 20080707
|g PSBO
|
| 942 |
|
|
|c BK
|